BCIS quarterly review of building prices (Record no. 103992)
[ view plain ]
| 000 -LEADER | |
|---|---|
| fixed length control field | 00911cam a2200241 4500 |
| 001 - CONTROL NUMBER | |
| control field | J128713 |
| 008 - FIXED-LENGTH DATA ELEMENTS--GENERAL INFORMATION | |
| fixed length control field | 000000n2005 000 0 eng u |
| 022 ## - INTERNATIONAL STANDARD SERIAL NUMBER | |
| International Standard Serial Number | 0260-6216 |
| 035 ## - SYSTEM CONTROL NUMBER | |
| System control number | (Sirsi) u128713 |
| 041 ## - LANGUAGE CODE | |
| Language code of text/sound track or separate title | eng |
| 050 ## - LIBRARY OF CONGRESS CALL NUMBER | |
| Classification number | 692.5 |
| -- | 18 |
| 110 ## - MAIN ENTRY--CORPORATE NAME | |
| Corporate name or jurisdiction name as entry element | Building Cost Information Service |
| 9 (RLIN) | 1096 |
| 245 ## - TITLE STATEMENT | |
| Title | BCIS quarterly review of building prices |
| Remainder of title | issue 96-99 (Jan 2005-Oct 2005) |
| 260 ## - PUBLICATION, DISTRIBUTION, ETC. | |
| Place of publication, distribution, etc. | London |
| Name of publisher, distributor, etc. | BCIS |
| Date of publication, distribution, etc. | 2005 |
| 300 ## - PHYSICAL DESCRIPTION | |
| Extent | 2pt. |
| Dimensions | 30cm. |
| 350 ## - PRICE (NR) (BK AM CF MU VM SE) [OBSOLETE] | |
| Price | 295.00 |
| 520 ## - SUMMARY, ETC. | |
| Summary, etc. | This item is part of a subscription service and cannot be photocopied. Neither can be any part of it be read out over the phone. Please contact BCIS direct on +44 (0)20 7695 1500 for details. |
| 650 ## - SUBJECT ADDED ENTRY--TOPICAL TERM | |
| Topical term or geographic name entry element | BUILT ENVIRONMENT-BUILDING COSTS |
| 650 ## - SUBJECT ADDED ENTRY--TOPICAL TERM | |
| Topical term or geographic name entry element | QUARTERLY REVIEW OF BUILDING PRICES |
| 650 ## - SUBJECT ADDED ENTRY--TOPICAL TERM | |
| Topical term or geographic name entry element | BUILT ENVIRONMENT-BUILDING COSTS-REINSTATEMENT COSTS |
| 690 ## - LOCAL SUBJECT ADDED ENTRY--TOPICAL TERM (OCLC, RLIN) | |
| Topical term or geographic name as entry element | BUILT ENVIRONMENT-BUILDING COSTS |
| 942 ## - ADDED ENTRY ELEMENTS (KOHA) | |
| Suppress in OPAC | 0 |
| Withdrawn status | Lost status | Source of classification or shelving scheme | Damaged status | Not for loan | Home library | Current library | Shelving location | Date acquired | Total Checkouts | Full call number | Barcode | Date last seen | Copy number | Price effective from | Koha item type | Date last checked out |
|---|---|---|---|---|---|---|---|---|---|---|---|---|---|---|---|---|
| Dewey Decimal Classification | London | London | BCIS/BMI publications | 09/02/2005 | ENQUIRY DESK ISS 96 JAN 2005 | 30070585 | 06/08/2019 | 1 | 06/08/2019 | Reference material | ||||||
| Dewey Decimal Classification | London | London | BCIS/BMI publications | 04/05/2005 | ENQUIRY DESK ISS 97 APR 2005 | 30070586 | 06/08/2019 | 1 | 06/08/2019 | Reference material | ||||||
| Dewey Decimal Classification | London | London | BCIS/BMI publications | 02/08/2005 | ENQUIRY DESK ISS 98 JUL 2005 | 30070625 | 06/08/2019 | 1 | 06/08/2019 | Reference material | ||||||
| Dewey Decimal Classification | London | London | BCIS/BMI publications | 16/06/2006 | 1 | ENQUIRY DESK ISS 98 JUL 2005 | 30073052 | 06/08/2019 | 2 | 06/08/2019 | Book | 11/12/2006 | ||||
| Dewey Decimal Classification | London | London | BCIS/BMI publications | 23/02/2006 | ENQUIRY DESK ISS 99 OCT 2005 | 30071821 | 06/08/2019 | 1 | 06/08/2019 | Reference material | ||||||
| Dewey Decimal Classification | London | London | BCIS/BMI publications | 16/06/2006 | 1 | ENQUIRY DESK ISS 99 OCT 2005 | 30073051 | 06/08/2019 | 2 | 06/08/2019 | Book | 11/12/2006 |